តោនិងកណ្តុរ / (Record no. 4633)
[ view plain ]
| 000 -LEADER | |
|---|---|
| fixed length control field | 02341nam a22003137a 4500 |
| 001 - CONTROL NUMBER | |
| control field | 4633 |
| 003 - CONTROL NUMBER IDENTIFIER | |
| control field | FISKH |
| 005 - DATE AND TIME OF LATEST TRANSACTION | |
| control field | 20240918131335.0 |
| 008 - FIXED-LENGTH DATA ELEMENTS--GENERAL INFORMATION | |
| fixed length control field | 240918b cb ||||| |||| 00| 0 eng d |
| 020 ## - INTERNATIONAL STANDARD BOOK NUMBER | |
| International Standard Book Number | 9789996389191 |
| 040 ## - CATALOGING SOURCE | |
| Original cataloging agency | FISKH |
| Language of cataloging | Bilingual |
| Transcribing agency | FISKH |
| Modifying agency | FISKH |
| 050 ## - LIBRARY OF CONGRESS CALL NUMBER | |
| Classification number | PZ7 |
| 082 ## - DEWEY DECIMAL CLASSIFICATION NUMBER | |
| Classification number | 800 |
| 100 ## - MAIN ENTRY--PERSONAL NAME | |
| Personal name | Anonymous |
| Relator term | author |
| 245 ## - TITLE STATEMENT | |
| Title | តោនិងកណ្តុរ / |
| Statement of responsibility, etc. | by Anonymous |
| 250 ## - EDITION STATEMENT | |
| Edition statement | បោះពុម្ព ឆ្នាំ២០១៥ |
| 260 ## - PUBLICATION, DISTRIBUTION, ETC. | |
| Place of publication, distribution, etc. | ភ្នំពេញ : |
| Name of publisher, distributor, etc. | អផ្សុក ; |
| Date of publication, distribution, etc. | ២០១៥ . |
| 300 ## - PHYSICAL DESCRIPTION | |
| Extent | 12 pages : |
| Other physical details | color illustrations ; |
| Dimensions | 22 cm . |
| 490 ## - SERIES STATEMENT | |
| Series statement | និទានអប់រំសម្រាប់កុមារ |
| 505 ## - FORMATTED CONTENTS NOTE | |
| Formatted contents note | H <br/> |
| 520 ## - SUMMARY, ETC. | |
| Summary, etc. | មានរាជសីហ៏មួយក្បាលកំពុងតែដេកលក់នៅក្រោមដើមឈើមួយ ពេលនោះមានកណ្តុរមួយធ្លោយទៅជាន់ធ្វើអោយរាជសីហ៏ភ្ញាក់ ។ វាចាប់សង្គ្រប់កណ្តុរហើយគ្រហឺមរំពងព្រៃ ។ កណ្តុរអង្វរអោយទុកជីវិតហើយសន្យាថាថ្ងៃក្រោយបើមានរឿងអីកណ្តុរនឺងជួយ ។ រាជសីហ៏ក៏ព្រម។ ក្រោយមករាជសីហ៏ក៏ជាប់អន្ទាក់ព្រាន កណ្តុរស្រូតទៅជួយដោយខាំកកេរអន្ទាក់រហូតដាច់។ រាជសិហ៏ក៏អរគុណកណ្តុរជាអនេក។ |
| 520 ## - SUMMARY, ETC. | |
| Summary, etc. | There was a lion sleeping under a tree, then a mouse fell on the lioness. It catches mouse and roars the forest. The mouse begs for life and promises that the next day, if anything happens, the mouse will help. Lion agreed. Later, Lion was trapped by a hunter and went to help by biting the trap until it broke. Lion also thanked the rat a lot. |
| 521 8# - TARGET AUDIENCE NOTE | |
| Target audience note | 430 <br/> |
| Source | Lexile estimate <br/> |
| 521 8# - TARGET AUDIENCE NOTE | |
| Target audience note | H <br/> |
| Source | Raz-Plus <br/> |
| 650 ## - SUBJECT ADDED ENTRY--TOPICAL TERM | |
| Topical term or geographic name entry element | រាជសីហ៏ភ្ញាក់ពីដេក |
| Form subdivision | រឿងនិទានកុមារ |
| 650 ## - SUBJECT ADDED ENTRY--TOPICAL TERM | |
| Topical term or geographic name entry element | Lion woke up |
| Form subdivision | children's stories |
| 942 ## - ADDED ENTRY ELEMENTS (KOHA) | |
| Source of classification or shelving scheme | Dewey Decimal Classification |
| Koha item type | Khmer Books |
| Suppress in OPAC | No |
| Withdrawn status | Lost status | Source of classification or shelving scheme | Damaged status | Not for loan | Collection | Home library | Current library | Shelving location | Date acquired | Total Checkouts | Full call number | Barcode | Date last seen | Copy number | Price effective from | Koha item type |
|---|---|---|---|---|---|---|---|---|---|---|---|---|---|---|---|---|
| Dewey Decimal Classification | Khmer-English Bilingual / ភាសាខ្មែរ-អង់គ្លេស | Footprints International School Library Network Toul Kork Campus | Footprints International School Library Network Toul Kork Campus | TK Old Khmer Books (Rear Hallway Shelf 3) | 09/04/2025 | ANO PZ7 800 | FISTKG3B029 | 09/04/2025 | 2 | 09/04/2025 | Khmer Books | |||||
| Dewey Decimal Classification | Khmer-English Bilingual / ភាសាខ្មែរ-អង់គ្លេស | Footprints International School Library Network Toul Tom Poung Campus | Footprints International School Library Network Toul Tom Poung Campus | TTP Primary Khmer Bookshelves | 09/18/2024 | ANO PZ7 800 | FIS04239 | 09/18/2024 | 1 | 09/18/2024 | Khmer Books | |||||
| Dewey Decimal Classification | Khmer-English Bilingual / ភាសាខ្មែរ-អង់គ្លេស | Footprints International School Library Network Toul Tom Poung Campus | Footprints International School Library Network Toul Tom Poung Campus | TTP Primary Khmer Bookshelves | 10/09/2025 | ANO PZ7 800 | FIS04276 | 10/09/2025 | 3 | 10/09/2025 | Khmer Books | |||||
| Dewey Decimal Classification | Khmer-English Bilingual / ភាសាខ្មែរ-អង់គ្លេស | Footprints International School Library Network Toul Tom Poung Campus | Footprints International School Library Network Toul Tom Poung Campus | TTP Primary Khmer Bookshelves | 10/09/2025 | ANO PZ7 800 | FIS04300 | 10/09/2025 | 4 | 10/09/2025 | Khmer Books |
